Pokémon - Les attaques de Charmilly - Statistiques

Statistiques générales
  • Ce quiz a été pris 16 fois
  • Le résultat moyen est 7 sur 13
Statistiques - réponses
Niveaux Types Noms des attaques % Correct
Niveau 35 Fée Éclat Magique
100%
Niveau 30 Poison Acidarmure
89%
Départ Évolution Fée Nappage
89%
Niveau 20 Plante Aromathérapie
67%
Niveau 15 Fée Vampibaiser
67%
Départ Fée Brume Capiteuse
56%
Niveau 45 Fée Champ Brumeux
56%
Départ Normal Doux Parfum
56%
Niveau 40 Normal Soin
44%
Départ Normal Charge
33%
Départ Fée Doux Baiser
33%
Niveau 25 Normal Attraction
22%
Niveau 50 Normal Ten-Danse
11%
Aucun quiz correspondant
Distribution des résultats
% des personnes avec chaque résultat
Percentile par nombre de réponses
Votre historique - résultats
Vous n’avez pas pris ce quiz